000 00539nam a22001937a 4500
005 20150327111158.0
008 110425s2011 nyu 001 0 eng
020 _a9780071754927
041 0 _aeng
080 _a336.121.1
100 1 _aPassarelli, Dan,
245 1 4 _aThe market taker's edge :
_cDan Passarelli.
260 _aNew York :
_bMcGraw-Hill,
_c2011.
300 _a235 f. ;
_c24 cm.
505 0 _aIndex: f. 227 - 235
650 0 _aTregu
650 0 _aMalli
942 _2udc
_cBK
999 _c545
_d545